[Event "ISR-ch U20"]
[Site "Ramat Hasharon"]
[Date "2023.08.07"]
[Round "6"]
[White "Tzidkiya, Yeshaayahu"]
[Black "Levin, Guy"]
[Result "1-0"]
[WhiteElo "2445"]
[BlackElo "2422"]
[PlyCount "109"]
[EventDate "2023.08.02"]
[EventType "swiss"]
[EventRounds "9"]
[EventCountry "ISR"]
[SourceTitle "EXT 2024"]
[Source "ChessBase"]
[SourceDate "2023.10.10"]
[SourceVersion "1"]
[SourceVersionDate "2023.10.10"]
[SourceQuality "1"]

1. e4 c6 2. Nc3 d5 3. Nf3 Bg4 4. Be2 Bxf3 5. Bxf3 d4 6. Ne2 e5 7. d3 c5 8. g3 Nc6 9. Bg2 h5 10. h4 Be7 11. Bh3 Nf6 12. Ng1 g6 13. Nf3 Ng4 14. a3 Qd7 15. Bd2 f5 16. Qe2 0-0 17. 0-0 Rae8 18. Ng5 Qd6 19. b4 cxb4 20. axb4 a6 21. Rab1 Na7 22. exf5 gxf5 23. f3 Nh6 24. f4 Bxg5 25. Qxh5 Bxf4 26. Rxf4 exf4 27. Bxf4 Qe6 28. Bxh6 Rf6 29. Bg5 Qf7 30. Qf3 Rfe6 31. Bxf5 Re1+ 32. Rxe1 Rxe1+ 33. Kf2 Re5 34. g4 Qc7 35. Bf4 Qxc2+ 36. Kg3 Qe2 37. Bxe5 Qxe5+ 38. Kg2 Nc6 39. Bg6 Qe6 40. Bf5 Qe5 41. Bg6 Qe6 42. Be4 Nxb4 43. Qf4 Nc6 44. h5 Qe5 45. Kg3 Qxf4+ 46. Kxf4 a5 47. Kg5 Ne5 48. Kf5 Nd7 49. g5 a4 50. h6 a3 51. g6 Nb6 52. Kf6 Nd7+ 53. Kg5 Nb6 54. Bf5 a2 55. Be6+ 1-0

[Event "Brasov GP RO"]
[Site "Brasov"]
[Date "2023.07.20"]
[Round "7"]
[White "Levin, Guy"]
[Black "Stan, Andrei Mihaita"]
[Result "1-0"]
[WhiteElo "2429"]
[BlackElo "2071"]
[PlyCount "75"]
[EventDate "2023.07.16"]
[EventType "swiss"]
[EventRounds "9"]
[EventCountry "ROU"]
[SourceTitle "CBM 215 Extra"]
[Source "ChessBase"]
[SourceDate "2023.09.30"]
[SourceVersion "1"]
[SourceVersionDate "2023.09.30"]
[SourceQuality "1"]

1. e4 c5 2. Nc3 e6 3. f4 a6 4. a4 b6 5. Nf3 Bb7 6. d3 Nf6 7. Be2 Be7 8. 0-0 0-0 9. e5 Nd5 10. Ne4 Nc6 11. d4 cxd4 12. Nxd4 f5 13. Nd6 Bxd6 14. exd6 Qb8 15. Nb3 b5 16. Bf3 Qa7+ 17. Kh1 Ne3 18. Bxe3 Qxe3 19. Qe1 Qb6 20. Qf2 Qd8 21. Nc5 Qc8 22. axb5 axb5 23. Rxa8 Bxa8 24. Ra1 Rd8 25. b4 Qb8 26. Qd2 Bb7 27. c3 Qc8 28. Qe2 Re8 29. Qxb5 Ba8 30. Qb6 e5 31. Bd5+ Kh8 32. b5 Na5 33. Bxa8 Qxa8 34. Qxa5 Qd5 35. Qc7 exf4 36. Qxd7 Rg8 37. Qc6 Qe5 38. Nd3 1-0

[Event "Brasov GP RO"]
[Site "Brasov"]
[Date "2023.07.19"]
[Round "6"]
[White "Nedelcu, Ionut"]
[Black "Levin, Guy"]
[Result "0-1"]
[WhiteElo "1888"]
[BlackElo "2429"]
[PlyCount "100"]
[EventDate "2023.07.16"]
[EventType "swiss"]
[EventRounds "9"]
[EventCountry "ROU"]
[SourceTitle "CBM 215 Extra"]
[Source "ChessBase"]
[SourceDate "2023.09.30"]
[SourceVersion "1"]
[SourceVersionDate "2023.09.30"]
[SourceQuality "1"]

1. d4 d5 2. Nf3 Nf6 3. e3 c5 4. c4 cxd4 5. exd4 Nc6 6. Nc3 e6 7. Bg5 Be7 8. Be2 dxc4 9. Bxc4 0-0 10. 0-0 b6 11. Qd2 Bb7 12. Rfd1 Rc8 13. Rac1 Na5 14. Be2 Nc4 15. Bxc4 Rxc4 16. Ne5 Rc8 17. Qe2 h6 18. Bh4 Nd5 19. Bxe7 Qxe7 20. Nxd5 Bxd5 21. Rxc8 Rxc8 22. b3 Rc3 23. Qd2 Qg5 24. f4 Qh5 25. Qxc3 Qxd1+ 26. Kf2 Qh1 27. Qc8+ Kh7 28. Qc2+ f5 29. Kg3 Be4 30. Qe2 Qc1 31. Nf3 g5 32. Nxg5+ hxg5 33. Qh5+ Kg7 34. Qxg5+ Kf7 35. Qh5+ Ke7 36. Qg5+ Kd7 37. Qg7+ Kc6 38. Qe5 Kb7 39. Qd6 Qc7 40. Qxc7+ Kxc7 41. Kf2 a5 42. a3 Kd6 43. h3 Bd5 44. b4 axb4 45. axb4 Bc6 46. g4 Kd5 47. Ke3 Kc4 48. g5 Be8 49. h4 Bh5 50. b5 Kc3 0-1

[Event "Rishon Le Ziyyon-ch U18"]
[Site "Rishon Le Ziyyon"]
[Date "2023.03.31"]
[Round "5"]
[White "Levin, Guy"]
[Black "Yaniv, Yuval"]
[Result "1/2-1/2"]
[WhiteElo "2419"]
[BlackElo "2359"]
[PlyCount "36"]
[EventDate "2023.03.28"]
[EventType "swiss"]
[EventRounds "9"]
[EventCountry "ISR"]
[SourceTitle "CBM 213 Extra"]
[Source "ChessBase"]
[SourceDate "2023.05.31"]
[SourceVersion "1"]
[SourceVersionDate "2023.05.31"]
[SourceQuality "1"]

1. c4 g6 2. g3 Bg7 3. Bg2 c5 4. Nc3 Nc6 5. b3 Nf6 6. Bb2 0-0 7. Nf3 d5 8. Nxd5 Nxd5 9. Bxg7 Kxg7 10. cxd5 Qxd5 11. 0-0 Qd6 12. Rc1 Bf5 13. Nh4 Bd7 14. Qc2 Rac8 15. Qb2+ Kg8 16. Qc2 Kg7 17. Qb2+ Kg8 18. Qc2 Kg7 1/2-1/2

[Event "EU-ch 23rd"]
[Site "Vrnjacka Banja"]
[Date "2023.03.12"]
[Round "10"]
[White "Levin, Guy"]
[Black "Rasulov, Vugar Ural Oglu"]
[Result "1-0"]
[WhiteElo "2419"]
[BlackElo "2516"]
[PlyCount "115"]
[EventDate "2023.03.03"]
[EventType "swiss"]
[EventRounds "11"]
[EventCountry "SRB"]
[SourceTitle "CBM 213"]
[Source "ChessBase"]
[SourceDate "2023.04.30"]
[SourceVersion "1"]
[SourceVersionDate "2023.04.30"]
[SourceQuality "1"]

1. Nf3 Nf6 2. g3 g6 3. Bg2 Bg7 4. 0-0 0-0 5. d4 d6 6. a4 Na6 7. Re1 c5 8. Nc3 cxd4 9. Nxd4 Nc5 10. a5 a6 11. Ra3 Rb8 12. b4 Ncd7 13. Na4 e5 14. Nb3 Qe7 15. c4 Rd8 16. Bd2 h5 17. Bg5 Nf8 18. Nb6 Be6 19. Nd2 N8h7 20. Bxf6 Nxf6 21. Ne4 Nxe4 22. Bxe4 d5 23. cxd5 Qxb4 24. Ra4 Qe7 25. dxe6 Rxd1 26. exf7+ Kxf7 27. Rxd1 Rd8 28. Bd5+ Kf8 29. Rc1 Bh6 30. e3 Kg7 31. Rc3 Rf8 32. Rac4 Qf6 33. f3 Qd6 34. Rc7+ Kh8 35. Kg2 e4 36. f4 Rf5 37. Rxb7 Bf8 38. Rc8 Qb4 39. Nc4 Qe1 40. Ne5 Qe2+ 41. Kg1 Qe1+ 42. Kg2 Qe2+ 43. Kh3 Qf1+ 44. Kh4 g5+ 45. fxg5 Rxe5 46. Rf7 Qxf7 47. Bxf7 Kg7 48. Bc4 Be7 49. Rg8+ Kh7 50. Kxh5 Rc5 51. Bf7 Rxa5 52. h4 Bd6 53. Kg4 Ra3 54. Rd8 Be5 55. Kf5 Bxg3 56. g6+ Kh6 57. Rh8+ Kg7 58. Rh7+ 1-0

[Event "EU-ch 23rd"]
[Site "Vrnjacka Banja"]
[Date "2023.03.10"]
[Round "8"]
[White "Levin, Guy"]
[Black "Kobo, Ori"]
[Result "1/2-1/2"]
[WhiteElo "2419"]
[BlackElo "2548"]
[PlyCount "58"]
[EventDate "2023.03.03"]
[EventType "swiss"]
[EventRounds "11"]
[EventCountry "SRB"]
[SourceTitle "CBM 213"]
[Source "ChessBase"]
[SourceDate "2023.04.30"]
[SourceVersion "1"]
[SourceVersionDate "2023.04.30"]
[SourceQuality "1"]

1. Nf3 Nf6 2. b3 d5 3. Bb2 Bf5 4. e3 e6 5. Be2 h6 6. 0-0 Bd6 7. c4 Nbd7 8. Nc3 0-0 9. cxd5 exd5 10. Nb5 Be7 11. Rc1 c6 12. Nbd4 Bh7 13. Nh4 Re8 14. Nhf5 Bf8 15. Ng3 a5 16. a4 Nc5 17. d3 Nfd7 18. Qc2 Na6 19. Ndf5 Nb4 20. Qb1 Bxf5 21. Nxf5 g6 22. Nd4 Nc5 23. Rfd1 Ne6 24. Nf3 Bg7 25. d4 Ng5 26. Ne5 Ne4 27. Bf3 Nd6 28. Bc3 Bf8 29. g3 Qf6 1/2-1/2